[Event "Hastings Masters"]
[Site "Horntye, Hastings"]
[Date "2018.01.04"]
[Round "8.19"]
[White "Ahluwalia, Amardip"]
[Black "Britton, Richard L"]
[Result "0-1"]
[BlackElo "2239"]
[WhiteElo "2004"]
[LiveChessVersion "1.4.8"]

1. e4 {[%clk 1:40:57]} c5 {[%clk 1:40:54]} 2. Nc3 {[%clk 1:40:47]} Nc6
{[%clk 1:39:42]} 3. f4 {[%clk 1:40:03]} g6 {[%clk 1:35:24]} 4. Nf3
{[%clk 1:39:32]} Bg7 {[%clk 1:35:49]} 5. Bb5 {[%clk 1:39:52]} Nf6
{[%clk 1:19:21]} 6. Bxc6 {[%clk 1:34:54]} bxc6 {[%clk 1:19:18]} 7. d3
{[%clk 1:31:34]} d6 {[%clk 1:12:04]} 8. O-O {[%clk 1:25:34]} O-O {[%clk 0:44:00]}
9. Qe1 {[%clk 1:17:54]} Rb8 {[%clk 0:39:23]} 10. Kh1 {[%clk 1:13:40]} Ne8
{[%clk 0:32:38]} 11. Qh4 f5 12. e5 {[%clk 1:09:50]} Nc7 {[%clk 0:30:40]} 13. Ng5
{[%clk 1:04:33]} h6 {[%clk 0:30:58]} 14. Nf3 {[%clk 1:04:57]} Ne6
{[%clk 0:28:29]} 15. Qg3 {[%clk 0:56:35]} Kh7 {[%clk 0:27:31]} 16. Na4
{[%clk 0:51:48]} Qe8 {[%clk 0:17:21]} 17. b3 {[%clk 0:47:20]} Nd4
{[%clk 0:17:21]} 18. Nxd4 {[%clk 0:46:37]} cxd4 {[%clk 0:17:45]} 19. Ba3
{[%clk 0:45:06]} c5 {[%clk 0:17:57]} 20. Rae1 {[%clk 0:42:07]} Qc6
{[%clk 0:16:18]} 21. Qh4 {[%clk 0:39:06]} Bb7 {[%clk 0:15:54]} 22. Rf2
{[%clk 0:38:05]} Rbe8 {[%clk 0:15:51]} 23. Bc1 {[%clk 0:37:44]} Kg8
{[%clk 0:15:53]} 24. Ree2 {[%clk 0:35:53]} Qd5 {[%clk 0:07:56]} 25. Nb2
{[%clk 0:34:55]} dxe5 {[%clk 0:08:19]} 26. fxe5 {[%clk 0:35:15]} g5
{[%clk 0:08:42]} 27. Bxg5 {[%clk 0:34:59]} hxg5 {[%clk 0:09:04]} 28. Qxg5
{[%clk 0:35:21]} Qe6 {[%clk 0:08:02]} 29. Na4 {[%clk 0:35:16]} Rc8
{[%clk 0:07:46]} 30. Re1 {[%clk 0:34:59]} Kh7 {[%clk 0:05:01]} 31. Qh4+
{[%clk 0:33:43]} Bh6 {[%clk 0:05:19]} 32. Qh5 {[%clk 0:32:59]} Rg8
{[%clk 0:05:19]} 33. Ree2 {[%clk 0:33:05]} Rg5 {[%clk 0:04:09]} 34. Qh3
{[%clk 0:33:12]} Qg6 {[%clk 0:04:19]} 35. Kg1 {[%clk 0:31:07]} Rh5
{[%clk 0:04:16]} 0-1

[Event "Hastings Masters"]
[Site "Horntye, Hastings"]
[Date "2018.01.04"]
[Round "8.20"]
[White "Stoyanov, Viktor"]
[Black "Anderson, John"]
[Result "1/2-1/2"]
[BlackElo "2184"]
[WhiteElo "1950"]
[LiveChessVersion "1.4.8"]

1. d4 {[%clk 1:40:57]} d5 {[%clk 1:40:52]} 2. c4 {[%clk 1:41:19]} c6
{[%clk 1:41:13]} 3. Nc3 {[%clk 1:39:54]} Nf6 {[%clk 1:41:41]} 4. e3
{[%clk 1:40:10]} Bf5 {[%clk 1:41:42]} 5. Nf3 {[%clk 1:40:01]} e6 {[%clk 1:41:54]}
6. Bd3 {[%clk 1:40:08]} Bg6 {[%clk 1:37:51]} 7. O-O {[%clk 1:36:52]} Nbd7
{[%clk 1:37:23]} 8. b3 {[%clk 1:34:01]} Bd6 {[%clk 1:34:36]} 9. Re1
{[%clk 1:28:14]} Ne4 {[%clk 1:33:23]} 10. Bb2 {[%clk 1:26:48]} f5
{[%clk 1:32:18]} 11. Ne2 {[%clk 1:21:55]} Bh5 {[%clk 1:28:45]} 12. Nf4
{[%clk 1:19:13]} Bxf4 {[%clk 1:29:04]} 13. exf4 {[%clk 1:19:37]} O-O
{[%clk 1:27:29]} 14. Be2 {[%clk 1:16:54]} Bxf3 {[%clk 1:16:32]} 15. Bxf3
{[%clk 1:16:36]} Qh4 {[%clk 1:16:43]} 16. g3 {[%clk 1:15:32]} Qh6
{[%clk 1:15:29]} 17. Bg2 {[%clk 1:12:11]} Rfe8 {[%clk 1:14:58]} 18. Qd3
{[%clk 1:04:08]} Rad8 {[%clk 1:11:17]} 19. Qc2 {[%clk 0:59:50]} Qf6
{[%clk 1:03:48]} 20. Re2 {[%clk 0:53:50]} Nf8 {[%clk 1:00:27]} 21. Rae1
{[%clk 0:50:35]} Qe7 {[%clk 1:00:13]} 22. Qc1 {[%clk 0:45:47]} Qd7
{[%clk 1:00:15]} 23. Qc2 {[%clk 0:41:56]} a6 {[%clk 0:56:51]} 24. c5
{[%clk 0:32:12]} Nf6 {[%clk 0:54:04]} 25. Bf3 {[%clk 0:27:22]} Qc7
{[%clk 0:51:59]} 26. Bg2 {[%clk 0:22:43]} Rd7 {[%clk 0:50:59]} 27. Bh3
{[%clk 0:21:04]} g6 {[%clk 0:51:00]} 28. Bg2 {[%clk 0:16:52]} Rde7
{[%clk 0:50:47]} 29. Bc3 {[%clk 0:15:08]} Ne4 {[%clk 0:48:23]} 30. Bb4
{[%clk 0:14:08]} h6 {[%clk 0:47:58]} 31. f3 {[%clk 0:12:34]} Nf6 {[%clk 0:48:19]}
32. Qd2 {[%clk 0:11:56]} Rg7 {[%clk 0:48:34]} 33. Bh3 1/2-1/2

[Event "Hastings Masters"]
[Site "Horntye, Hastings"]
[Date "2018.01.04"]
[Round "8.21"]
[White "Rogacewicz, Mikolaj"]
[Black "Snape, Ian L"]
[Result "1-0"]
[BlackElo "2152"]
[WhiteElo "1961"]
[LiveChessVersion "1.4.8"]

1. d4 {[%clk 1:40:57]} c5 {[%clk 1:40:54]} 2. d5 {[%clk 1:41:22]} g6
{[%clk 1:41:20]} 3. c4 {[%clk 1:41:35]} d6 {[%clk 1:41:46]} 4. Nc3
{[%clk 1:40:49]} Bg7 {[%clk 1:42:09]} 5. e4 {[%clk 1:40:14]} Nf6 {[%clk 1:42:32]}
6. Nge2 {[%clk 1:37:46]} O-O {[%clk 1:42:06]} 7. Ng3 {[%clk 1:37:15]} e6
{[%clk 1:37:31]} 8. Be2 {[%clk 1:36:25]} exd5 {[%clk 1:37:44]} 9. cxd5
{[%clk 1:36:45]} Re8 {[%clk 1:37:11]} 10. O-O {[%clk 1:36:49]} Nbd7
{[%clk 1:36:07]} 11. Bg5 {[%clk 1:32:28]} h6 {[%clk 1:33:17]} 12. Bf4
{[%clk 1:29:35]} Ne5 {[%clk 1:33:09]} 13. h4 {[%clk 1:22:45]} a6 {[%clk 1:32:09]}
14. a4 {[%clk 1:20:59]} Kh7 {[%clk 1:21:01]} 15. Bxe5 {[%clk 1:08:47]} dxe5
{[%clk 1:17:49]} 16. h5 {[%clk 1:06:22]} Qd6 {[%clk 1:17:22]} 17. Nb1
{[%clk 1:01:45]} Rd8 {[%clk 0:58:08]} 18. Nd2 {[%clk 0:58:01]} Ne8
{[%clk 0:58:12]} 19. Nc4 {[%clk 0:57:39]} Qf6 {[%clk 0:58:12]} 20. a5
{[%clk 0:55:43]} Rb8 {[%clk 0:55:11]} 21. Nb6 {[%clk 0:51:12]} Bd7
{[%clk 0:55:21]} 22. Ra3 {[%clk 0:43:51]} Bb5 {[%clk 0:52:46]} 23. Bxb5
{[%clk 0:39:41]} axb5 {[%clk 0:53:12]} 24. Qg4 {[%clk 0:38:30]} Qf4
{[%clk 0:47:17]} 25. Qh3 {[%clk 0:29:57]} Nf6 {[%clk 0:42:09]} 26. Rf3
{[%clk 0:25:17]} Qg5 {[%clk 0:41:15]} 27. hxg6+ {[%clk 0:22:59]} fxg6
{[%clk 0:41:40]} 28. Rd1 {[%clk 0:19:30]} Ng4 {[%clk 0:36:52]} 29. Rc3
{[%clk 0:17:10]} c4 {[%clk 0:35:53]} 30. b3 {[%clk 0:15:39]} Bf8 {[%clk 0:35:59]}
31. bxc4 {[%clk 0:12:59]} Bc5 {[%clk 0:35:46]} 32. Nh1 b4 {[%clk 0:28:41]} 33.
Rg3 {[%clk 0:08:19]} h5 {[%clk 0:28:50]} 34. Kf1 {[%clk 0:08:10]} Kg7
{[%clk 0:28:16]} 35. Rf3 {[%clk 0:03:08]} Rd6 {[%clk 0:13:59]} 36. Ng3
{[%clk 0:02:26]} b3 37. Na4 Bd4 {[%clk 0:11:05]} 38. Ne2 {[%clk 0:01:56]} Nxf2
{[%clk 0:06:32]} 39. Rxf2 {[%clk 0:01:35]} Bxf2 40. Kxf2 {[%clk 0:01:35]} Rf8+
{[%clk 0:05:56]} 41. Kg1 {[%clk 0:01:34]} h4 {[%clk 0:03:48]} 42. Nc5
{[%clk 0:48:02]} Rff6 {[%clk 0:45:01]} 43. Nxb7 {[%clk 0:45:09]} Qh5
{[%clk 0:38:50]} 44. g4 {[%clk 0:36:50]} Qg5 {[%clk 0:38:52]} 45. Nxd6
{[%clk 0:37:01]} Rxd6 46. c5 Ra6 {[%clk 0:38:20]} 47. d6 {[%clk 0:35:42]} Rxa5
{[%clk 0:38:00]} 48. d7 {[%clk 0:36:02]} b2 {[%clk 0:35:47]} 49. Kh2 Rxc5 50. Qd3
{[%clk 0:27:27]} Qd8 {[%clk 0:34:49]} 51. Nd4 {[%clk 0:24:53]} Kf6
{[%clk 0:30:07]} 52. Ne6 b1=Q 53. Qxb1 {[%clk 0:19:57]} Kxe6 {[%clk 0:30:15]} 54.
Qb3+ {[%clk 0:19:24]} Kf6 {[%clk 0:30:10]} 55. Rf1+ {[%clk 0:18:51]} Kg7
{[%clk 0:30:15]} 56. Qf7+ {[%clk 0:19:11]} Kh6 {[%clk 0:30:03]} 57. Qf8+
{[%clk 0:19:36]} Qxf8 {[%clk 0:30:29]} 58. Rxf8 {[%clk 0:19:58]} Rc2+
{[%clk 0:30:58]} 59. Kh3 {[%clk 0:20:14]} Rc3+ {[%clk 0:30:48]} 60. Kh2
{[%clk 0:20:12]} Rc2+ {[%clk 0:30:27]} 61. Kg1 {[%clk 0:20:36]} Rd2
{[%clk 0:30:50]} 62. d8=Q {[%clk 0:20:45]} Rxd8 {[%clk 0:31:17]} 63. Rxd8
{[%clk 0:21:09]} Kg5 {[%clk 0:31:38]} 64. Rf8 {[%clk 0:20:22]} Kxg4
{[%clk 0:32:01]} 65. Kh2 {[%clk 0:20:30]} h3 {[%clk 0:31:22]} 66. Rf7
{[%clk 0:20:34]} g5 {[%clk 0:31:34]} 67. Rf5 {[%clk 0:20:44]} Kh4
{[%clk 0:31:59]} 68. Rxe5 {[%clk 0:20:12]} g4 {[%clk 0:32:23]} 69. Rf5
{[%clk 0:20:12]} g3+ {[%clk 0:32:47]} 70. Kg1 {[%clk 0:20:33]} Kg4
{[%clk 0:32:40]} 71. Rf8 {[%clk 0:20:58]} 1-0

[Event "Hastings Masters"]
[Site "Horntye, Hastings"]
[Date "2018.01.04"]
[Round "8.22"]
[White "Lochte, Szilvia"]
[Black "Stanisz, Patryk"]
[Result "0-1"]
[BlackElo "2150"]
[WhiteElo "1850"]
[LiveChessVersion "1.4.8"]

1. d4 {[%clk 1:40:58]} d5 {[%clk 1:40:50]} 2. Bf4 {[%clk 1:41:18]} Nf6
{[%clk 1:41:10]} 3. e3 {[%clk 1:41:40]} c5 {[%clk 1:41:20]} 4. c3
{[%clk 1:42:02]} e6 {[%clk 1:41:39]} 5. Nd2 {[%clk 1:42:25]} Nc6 {[%clk 1:41:56]}
6. Ngf3 {[%clk 1:42:32]} cxd4 {[%clk 1:42:14]} 7. exd4 {[%clk 1:42:55]} Nh5
{[%clk 1:42:38]} 8. Be3 {[%clk 1:42:47]} Bd6 {[%clk 1:42:57]} 9. Ne5
{[%clk 1:42:37]} g6 {[%clk 1:43:06]} 10. Be2 {[%clk 1:41:52]} Ng7
{[%clk 1:43:00]} 11. f4 {[%clk 1:40:55]} Nf5 {[%clk 1:34:35]} 12. Bf2
{[%clk 1:40:36]} f6 {[%clk 1:33:43]} 13. Nd3 {[%clk 1:40:43]} Qc7
{[%clk 1:30:34]} 14. g3 {[%clk 1:35:33]} b6 {[%clk 1:23:00]} 15. Nf3
{[%clk 1:28:43]} Bd7 {[%clk 1:15:58]} 16. Qd2 {[%clk 1:19:17]} Na5
{[%clk 1:05:01]} 17. O-O {[%clk 1:02:26]} Be7 {[%clk 1:01:43]} 18. Qc2
{[%clk 0:55:49]} Nc4 {[%clk 0:51:44]} 19. Rfe1 {[%clk 0:53:21]} Nfd6
{[%clk 0:46:26]} 20. Nd2 {[%clk 0:35:52]} Nxd2 {[%clk 0:39:19]} 21. Qxd2
{[%clk 0:36:06]} Ne4 {[%clk 0:39:43]} 22. Qc2 {[%clk 0:34:11]} h5
{[%clk 0:38:31]} 23. Be3 {[%clk 0:33:26]} h4 {[%clk 0:30:19]} 24. g4
{[%clk 0:33:30]} Bd6 {[%clk 0:29:07]} 25. Bf3 {[%clk 0:25:57]} O-O-O
{[%clk 0:25:12]} 26. c4 {[%clk 0:14:49]} g5 {[%clk 0:17:27]} 27. fxg5
{[%clk 0:11:59]} fxg5 {[%clk 0:14:32]} 28. Ne5 {[%clk 0:09:55]} Bxe5
{[%clk 0:07:09]} 29. dxe5 {[%clk 0:05:52]} Kb8 {[%clk 0:07:39]} 30. Bxe4
{[%clk 0:05:57]} dxe4 {[%clk 0:08:08]} 31. Qxe4 {[%clk 0:05:27]} Bc6
{[%clk 0:08:30]} 32. Qc2 {[%clk 0:05:17]} Bb7 {[%clk 0:08:31]} 33. Qa4
{[%clk 0:03:38]} Bc6 {[%clk 0:05:53]} 34. Qb4 {[%clk 0:02:40]} Ba8
{[%clk 0:06:05]} 35. Bf2 {[%clk 0:00:49]} Qc6 {[%clk 0:05:09]} 36. Kf1
{[%clk 0:01:06]} Qg2+ {[%clk 0:05:09]} 37. Ke2 {[%clk 0:01:33]} Qf3+
{[%clk 0:05:20]} 38. Kf1 {[%clk 0:01:54]} Qh3+ {[%clk 0:05:16]} 39. Ke2
{[%clk 0:02:08]} Qd3# {[%clk 0:05:38]} 0-1

[Event "Hastings Masters"]
[Site "Horntye, Hastings"]
[Date "2018.01.04"]
[Round "8.23"]
[White "Lovell, William Pm"]
[Black "Villiers, Thomas"]
[Result "0-1"]
[BlackElo "2136"]
[WhiteElo "1688"]
[LiveChessVersion "1.4.8"]

1. d4 {[%clk 1:40:59]} Nf6 {[%clk 1:40:57]} 2. Nc3 {[%clk 1:41:23]} d5
{[%clk 1:41:21]} 3. Bf4 {[%clk 1:41:47]} c6 {[%clk 1:41:44]} 4. e3
{[%clk 1:42:10]} Bf5 {[%clk 1:41:35]} 5. f3 {[%clk 1:42:25]} e6 {[%clk 1:41:21]}
6. g4 {[%clk 1:42:50]} Bg6 {[%clk 1:41:29]} 7. h4 {[%clk 1:43:14]} h6
{[%clk 1:41:31]} 8. Bd3 {[%clk 1:43:29]} Bxd3 {[%clk 1:41:52]} 9. Qxd3
{[%clk 1:43:57]} Bd6 {[%clk 1:40:08]} 10. Nge2 {[%clk 1:40:49]} Bxf4
{[%clk 1:39:27]} 11. exf4 {[%clk 1:38:52]} Nbd7 {[%clk 1:38:48]} 12. O-O-O
{[%clk 1:37:21]} Qc7 {[%clk 1:35:49]} 13. Kb1 {[%clk 1:31:38]} O-O-O
{[%clk 1:36:10]} 14. Na4 {[%clk 1:21:04]} Qa5 {[%clk 1:29:50]} 15. Qb3
{[%clk 1:16:58]} Ne8 {[%clk 1:28:56]} 16. Nc1 {[%clk 1:13:03]} Nd6
{[%clk 1:28:34]} 17. Nd3 {[%clk 1:07:53]} Nc4 {[%clk 1:28:52]} 18. Rh2
{[%clk 1:02:53]} Qc7 {[%clk 1:22:43]} 19. Ne5 {[%clk 0:55:05]} Ndxe5
{[%clk 1:22:57]} 20. fxe5 {[%clk 0:54:05]} f6 {[%clk 1:23:20]} 21. Nc5
{[%clk 0:41:50]} Rde8 {[%clk 1:23:46]} 22. f4 {[%clk 0:36:17]} fxe5
{[%clk 1:23:41]} 23. fxe5 {[%clk 0:36:15]} b6 {[%clk 1:23:58]} 24. Nd3
{[%clk 0:34:47]} Rhf8 {[%clk 1:23:42]} 25. Rh3 {[%clk 0:31:56]} Rf1
{[%clk 1:21:16]} 26. c3 {[%clk 0:32:00]} Nd2+ {[%clk 1:21:39]} 27. Kc2
{[%clk 0:31:49]} Nxb3 {[%clk 1:21:43]} 28. Rxf1 {[%clk 0:32:11]} Na5
{[%clk 1:21:43]} 29. Rhf3 {[%clk 0:32:34]} Qe7 {[%clk 1:21:45]} 30. Rf7
{[%clk 0:30:43]} Qxh4 {[%clk 1:20:17]} 31. Rxa7 {[%clk 0:28:47]} Kb8
{[%clk 1:20:32]} 32. Rxg7 {[%clk 0:28:25]} Nb7 {[%clk 1:16:59]} 33. Rff7
{[%clk 0:28:07]} Nd8 {[%clk 1:17:23]} 34. Rf6 {[%clk 0:27:48]} Qh2+
{[%clk 1:17:26]} 35. Rf2 {[%clk 0:28:04]} Qg3 {[%clk 1:17:41]} 36. Rh7
{[%clk 0:27:41]} Qxg4 {[%clk 1:17:24]} 37. Rxh6 {[%clk 0:28:04]} Qe4
{[%clk 1:17:24]} 38. Rhf6 {[%clk 0:27:52]} c5 {[%clk 1:16:37]} 39. R6f4
{[%clk 0:27:39]} Qh7 {[%clk 1:15:58]} 40. Kd2 {[%clk 0:27:44]} c4
{[%clk 1:15:54]} 41. Nb4 {[%clk 0:27:53]} Qh6 {[%clk 1:15:35]} 42. Kc2
{[%clk 0:27:23]} Rg8 {[%clk 1:14:22]} 43. Rf6 {[%clk 0:26:11]} Qe3
{[%clk 1:13:53]} 44. Rf8 {[%clk 0:18:11]} Rg1 {[%clk 1:14:10]} 45. Rd2
{[%clk 0:16:41]} Qe1 {[%clk 1:14:03]} 0-1

[Event "Hastings Masters"]
[Site "Horntye, Hastings"]
[Date "2018.01.04"]
[Round "8.24"]
[White "Berger, Konstantin"]
[Black "Graham, David B"]
[Result "1-0"]
[BlackElo "2204"]
[WhiteElo "2041"]
[LiveChessVersion "1.4.8"]

1. e4 {[%clk 1:39:26]} c5 {[%clk 1:40:57]} 2. c3 {[%clk 1:39:50]} d5
{[%clk 1:41:19]} 3. exd5 {[%clk 1:40:04]} Qxd5 {[%clk 1:41:45]} 4. d4
{[%clk 1:40:28]} Nf6 {[%clk 1:42:11]} 5. Nf3 {[%clk 1:40:50]} Bg4
{[%clk 1:42:35]} 6. dxc5 {[%clk 1:41:13]} Qxd1+ {[%clk 1:39:29]} 7. Kxd1
{[%clk 1:41:38]} e5 {[%clk 1:39:27]} 8. b4 {[%clk 1:42:03]} e4 {[%clk 1:38:37]}
9. h3 {[%clk 1:42:28]} Bh5 {[%clk 1:37:14]} 10. g4 {[%clk 1:42:52]} Nxg4
{[%clk 1:37:22]} 11. hxg4 {[%clk 1:43:17]} Bxg4 {[%clk 1:37:49]} 12. Nbd2
{[%clk 1:43:41]} Nc6 {[%clk 1:33:57]} 13. Kc2 {[%clk 1:39:50]} exf3
{[%clk 1:33:27]} 14. Bb5 {[%clk 1:36:24]} Be7 {[%clk 0:54:50]} 15. Re1
{[%clk 1:35:42]} Be6 {[%clk 0:54:36]} 16. Nxf3 {[%clk 1:31:52]} O-O
{[%clk 0:54:34]} 17. Bxc6 {[%clk 1:29:04]} bxc6 {[%clk 0:55:00]} 18. Nd4
{[%clk 1:29:28]} Rac8 {[%clk 0:53:46]} 19. Bf4 {[%clk 1:21:19]} Bh4
{[%clk 0:46:58]} 20. Bd6 {[%clk 1:12:33]} Rfe8 {[%clk 0:37:22]} 21. Nxe6
{[%clk 1:12:49]} Rxe6 {[%clk 0:37:22]} 22. Rxe6 {[%clk 1:12:52]} fxe6
{[%clk 0:37:49]} 23. f4 {[%clk 1:11:48]} Bf6 {[%clk 0:28:45]} 24. a4
{[%clk 1:11:22]} a6 {[%clk 0:27:20]} 25. Rb1 {[%clk 1:09:47]} Kf7
{[%clk 0:25:58]} 26. c4 {[%clk 1:07:40]} Be7 {[%clk 0:24:53]} 27. Kc3
{[%clk 0:56:27]} h5 {[%clk 0:10:10]} 28. Kd4 {[%clk 0:53:47]} h4 {[%clk 0:06:14]}
29. b5 {[%clk 0:51:54]} cxb5 {[%clk 0:06:08]} 30. axb5 {[%clk 0:50:21]} axb5
{[%clk 0:06:19]} 31. Bxe7 {[%clk 0:49:18]} Kxe7 {[%clk 0:06:45]} 32. cxb5
{[%clk 0:49:42]} Kd7 {[%clk 0:05:56]} 33. Rg1 {[%clk 0:48:43]} Rg8
{[%clk 0:05:56]} 34. Rg4 {[%clk 0:48:43]} h3 {[%clk 0:06:01]} 35. Rh4
{[%clk 0:48:46]} Rf8 {[%clk 0:06:04]} 36. Rxh3 {[%clk 0:46:43]} Rxf4+
{[%clk 0:06:30]} 37. Kc3 {[%clk 0:46:30]} Rg4 {[%clk 0:02:51]} 38. Rd3+
{[%clk 0:42:09]} Kc8 {[%clk 0:02:30]} 39. Rf3 {[%clk 0:41:49]} Rg1
{[%clk 0:02:14]} 40. Rf7 {[%clk 0:41:17]} Rb1 {[%clk 0:01:38]} 41. Kc4
{[%clk 0:39:39]} Rc1+ {[%clk 0:48:57]} 42. Kb4 {[%clk 1:29:54]} g5
{[%clk 0:47:55]} 43. c6 {[%clk 1:28:46]} g4 {[%clk 0:47:06]} 44. Ka5
{[%clk 1:28:17]} g3 {[%clk 0:47:12]} 45. Kb6 {[%clk 1:28:38]} Kd8
{[%clk 0:47:31]} 46. Rg7 {[%clk 1:28:52]} Rc3 {[%clk 0:47:09]} 47. Kb7
{[%clk 1:29:05]} g2 {[%clk 0:44:48]} 48. Rxg2 {[%clk 1:29:17]} Rc5
{[%clk 0:45:03]} 49. b6 {[%clk 1:29:16]} 1-0

[Event "Hastings Masters"]
[Site "Horntye, Hastings"]
[Date "2018.01.04"]
[Round "8.26"]
[White "Munshi, Aditya"]
[Black "Woong, Zhi Wei William"]
[Result "0-1"]
[BlackElo "2137"]
[WhiteElo "2001"]
[LiveChessVersion "1.4.8"]

1. e4 {[%clk 1:40:58]} c5 {[%clk 1:40:56]} 2. Nf3 {[%clk 1:41:21]} e6
{[%clk 1:41:22]} 3. g3 {[%clk 1:41:31]} Nc6 {[%clk 1:41:28]} 4. Bg2
{[%clk 1:41:36]} d5 {[%clk 1:41:48]} 5. exd5 {[%clk 1:42:01]} exd5
{[%clk 1:42:13]} 6. d4 {[%clk 1:40:54]} Nf6 {[%clk 1:42:21]} 7. O-O
{[%clk 1:40:33]} Be7 {[%clk 1:42:46]} 8. Nc3 {[%clk 1:40:23]} O-O
{[%clk 1:42:57]} 9. h3 {[%clk 1:39:48]} Re8 {[%clk 1:32:10]} 10. dxc5
{[%clk 1:10:09]} Bxc5 {[%clk 1:30:45]} 11. Na4 {[%clk 1:05:12]} Be7
{[%clk 1:14:36]} 12. Be3 {[%clk 0:48:30]} Ne4 {[%clk 1:09:13]} 13. Nd4
{[%clk 0:44:38]} Qa5 {[%clk 0:59:50]} 14. c4 {[%clk 0:39:15]} Bd7
{[%clk 0:25:06]} 15. Ne2 {[%clk 0:09:56]} Ne5 {[%clk 0:18:00]} 16. Qxd5
{[%clk 0:02:06]} Qxa4 {[%clk 0:14:53]} 17. Qxe4 {[%clk 0:00:35]} Bf6
{[%clk 0:07:54]} 18. b3 {[%clk 0:00:37]} Qa3 {[%clk 0:06:47]} 19. Qxb7
{[%clk 0:00:35]} Bf5 {[%clk 0:05:12]} 20. Qd5 {[%clk 0:00:35]} Rad8
{[%clk 0:04:48]} 21. Qb5 {[%clk 0:00:34]} a6 {[%clk 0:02:52]} 22. Qb6
{[%clk 0:00:32]} Bd3 {[%clk 0:02:53]} 23. Rfe1 {[%clk 0:00:34]} Bxe2
{[%clk 0:03:09]} 24. Rxe2 {[%clk 0:00:34]} Nd7 {[%clk 0:03:20]} 25. Qc6
{[%clk 0:00:32]} Bxa1 {[%clk 0:03:27]} 26. Kh2 {[%clk 0:00:32]} Ne5
{[%clk 0:02:18]} 27. Qb6 {[%clk 0:00:33]} Qd6 {[%clk 0:01:29]} 28. Qa5
{[%clk 0:00:33]} Qd3 {[%clk 0:00:48]} 29. Rd2 {[%clk 0:00:39]} Bc3
{[%clk 0:01:13]} 30. Rxd3 {[%clk 0:00:34]} Bxa5 {[%clk 0:01:38]} 31. Rxd8
{[%clk 0:01:00]} Bxd8 {[%clk 0:01:44]} 32. Bb7 {[%clk 0:01:12]} a5
{[%clk 0:02:00]} 33. c5 {[%clk 0:01:29]} Bc7 {[%clk 0:02:08]} 34. a3
{[%clk 0:01:46]} Kf8 {[%clk 0:01:59]} 35. b4 {[%clk 0:02:10]} Nc4
{[%clk 0:02:05]} 36. Bc6 {[%clk 0:02:05]} Rb8 {[%clk 0:01:27]} 37. b5
{[%clk 0:02:17]} Nxe3 {[%clk 0:01:33]} 38. fxe3 {[%clk 0:02:42]} Ke7
{[%clk 0:01:51]} 39. b6 {[%clk 0:02:46]} Bxb6 {[%clk 0:01:41]} 40. cxb6
{[%clk 0:03:06]} Rxb6 {[%clk 0:02:08]} 41. Bd5 {[%clk 0:02:59]} Rd6
{[%clk 0:02:36]} 42. e4 {[%clk 0:03:24]} Rxd5 {[%clk 0:02:42]} 43. exd5
{[%clk 0:03:53]} Kd6 {[%clk 0:03:05]} 44. Kg2 {[%clk 0:04:10]} Kxd5
{[%clk 0:03:31]} 45. Kf3 {[%clk 0:04:36]} Kc4 {[%clk 0:03:38]} 46. Ke3
{[%clk 0:04:48]} Kb3 {[%clk 0:04:04]} 47. Kd3 {[%clk 0:05:14]} Kxa3
{[%clk 0:04:30]} 48. Kc3 {[%clk 0:05:41]} a4 {[%clk 0:04:56]} 49. g4
{[%clk 0:05:57]} g5 {[%clk 0:05:17]} 50. Kc4 {[%clk 0:06:08]} Kb2
{[%clk 0:05:43]} 0-1

[Event "Hastings Masters"]
[Site "Horntye, Hastings"]
[Date "2018.01.04"]
[Round "8.27"]
[White "Warnke, Klaus"]
[Black "Rolvag, Mikael"]
[Result "0-1"]
[BlackElo "2113"]
[WhiteElo "1716"]
[LiveChessVersion "1.4.8"]

1. d4 {[%clk 1:40:52]} Nf6 {[%clk 1:40:45]} 2. c4 {[%clk 1:41:12]} e6
{[%clk 1:41:07]} 3. Nf3 {[%clk 1:41:18]} b6 {[%clk 1:41:27]} 4. g3
{[%clk 1:41:24]} Ba6 {[%clk 1:41:51]} 5. b3 {[%clk 1:41:29]} d5 {[%clk 1:35:51]}
6. Bg2 {[%clk 1:36:44]} Bb4+ {[%clk 1:33:56]} 7. Bd2 {[%clk 1:36:56]} Be7
{[%clk 1:34:20]} 8. Nc3 {[%clk 1:36:20]} O-O {[%clk 1:26:43]} 9. cxd5
{[%clk 1:34:44]} exd5 {[%clk 1:27:05]} 10. O-O {[%clk 1:34:20]} Bb7
{[%clk 1:04:23]} 11. Qc2 {[%clk 1:23:24]} Na6 {[%clk 1:03:28]} 12. a3
{[%clk 1:17:02]} Ne4 {[%clk 0:58:52]} 13. Ne5 {[%clk 1:12:26]} Nxd2
{[%clk 0:55:27]} 14. Qxd2 {[%clk 1:12:32]} c6 {[%clk 0:55:55]} 15. b4
{[%clk 1:07:46]} Nc7 {[%clk 0:55:58]} 16. Rac1 {[%clk 1:07:18]} Ne6
{[%clk 0:51:53]} 17. f4 {[%clk 1:01:07]} f5 {[%clk 0:41:49]} 18. Na4
{[%clk 0:51:04]} Rc8 {[%clk 0:33:06]} 19. e3 {[%clk 0:48:50]} Qd6
{[%clk 0:32:50]} 20. Rb1 {[%clk 0:46:20]} Nc7 {[%clk 0:32:45]} 21. Nc5
{[%clk 0:43:47]} Ba8 {[%clk 0:32:32]} 22. Ncd3 {[%clk 0:43:19]} Ne8
{[%clk 0:32:50]} 23. Qe2 {[%clk 0:39:12]} Nf6 {[%clk 0:32:55]} 24. Nf2
{[%clk 0:39:03]} c5 {[%clk 0:30:19]} 25. Bh3 {[%clk 0:34:11]} g6 {[%clk 0:23:33]}
26. g4 {[%clk 0:33:12]} cxd4 {[%clk 0:23:35]} 27. exd4 {[%clk 0:33:12]} Ne4
{[%clk 0:23:24]} 28. Nxe4 {[%clk 0:33:12]} dxe4 {[%clk 0:23:39]} 29. Rbd1
{[%clk 0:29:44]} Rc3 {[%clk 0:23:28]} 30. Qg2 {[%clk 0:28:42]} e3
{[%clk 0:21:27]} 31. Qg3 {[%clk 0:28:48]} Qd5 {[%clk 0:21:32]} 32. Bg2
{[%clk 0:28:45]} Qxg2+ {[%clk 0:21:53]} 33. Qxg2 {[%clk 0:28:22]} Bxg2
{[%clk 0:22:16]} 34. Rc1 {[%clk 0:26:13]} Rxc1 {[%clk 0:21:28]} 35. Rxc1
{[%clk 0:26:37]} Bd5 {[%clk 0:21:18]} 36. gxf5 {[%clk 0:26:26]} Rxf5
{[%clk 0:21:14]} 37. Re1 {[%clk 0:25:10]} Rxf4 {[%clk 0:20:56]} 38. Rxe3
{[%clk 0:25:33]} Bh4 {[%clk 0:20:56]} 39. Nd3 {[%clk 0:20:23]} Rxd4
{[%clk 0:20:52]} 0-1